Poutní místo na Svatém poli v Přelouči

Titel: Poutní místo na Svatém poli v Přelouči
Verfasser:
In: Východočeský sborník historický, Band 7 (1998), Seite 107-128
alle Artikel anzeigen
Veröffentlicht: 1998
Format: Aufsatz
Sprache: Tschechisch
Schlagworte:
Kein Bild verfügbar
X
alg: 39310569
001A    $01999:11-11-16 
001B    $03025:12-02-26 $t15:03:25.000 
001C    $06050:19-11-16 $t09:39:20.000 
001D    $01999:11-11-16 
001U    $0utf8 
001X    $00 
002@    $0Aox 
003@    $0393105695 
007A    $0393105695 $aHEB 
007T    $0Herdp13024 
010@    $acze 
011@    $a1998 
021A    $aPoutní místo na Svatém poli v Přelouči 
028A    $aKovářová-Praxová $dVeronika 
031A    $d7 $h107-128 $j1998 
039B    $aIn $8--Abvc--. Východočeský sborník historický. - Pardubice : Východočeské muzeum v Pardubicích, 1991-. - ISSN 1213-1733 $x199800000070000893 $9048657735 
044K    $#Prelauč $#Přeloutsch $74577310-5 $8Prelouč [Tg1] $9090847822 
045F    $a307.094371 $eDDC23BSB 
045F/01 $a307.09 
045F/03 $g4371 
045T    $a7,41 
045T    $aOST $qDE-12 $2FID 

lok: 39310569 78

exp: 39310569 78 1 #EPN
201B/01 $026-11-17 $t01:49:11.000 
201U/01 $0utf8 
203@/01 $0789216019 
208@/01 $a11-11-16 $be 
209A/01 $a/ $f000 $x00 
220C/01 $aTitelaufnehmer: rb 
220C/01 $aHerkunft: HÚ AV ČR Praha 
244Z/01 $#Tschechien $#Tschechische Republik $#Tschechien $#Tschechische Republik $#Tschechenland $#Tschechei Tschechien $#Česká Republika $#Czech Republic $#ČR $74303381-7 $8--Tg1--Tschechien $x01 $9086659812 
244Z/01 $2Trx $#Böhmen $#Bohemia $#Czechy $8--Trx--Čechy $x02 $9391188941 
244Z/01 $2Trx $#Přelauč Pardubitz $8--Trx--Přelouč$gPardubice $x03 $9391257110 
244Z/01 $aGeschichte 1680-1997 $x04 
244Z/01 $2Trx $#palverännakud $#piligrimų kelionės $#pilgrimages $#búcsújárások $#pielgrzymki $#púte $#poutě $#Pilgerfahrten $#púte na putovné miesta $8--Trx--Wallfahrten $x05 $9391365592 
244Z/01 $2Trx $#palverännakute paigad $#šventosios vietos $#places of pilgrimage $#zarándokhelyek $#miejsca pielgrzymek $#miesta púťové $#místa poutní $8--Trx--Wallfahrtsorte $x06 $9391363581 
244Z/01 $2Trx $8--Trx--Zeitschriftenaufsatz $x07 $9391384341 
245Z/01 $a13.03 $x01 
245Z/01 $a10.02.02.01 $x02 
247C/01 $82080>Marburg/Lahn, Herder-Institut, Forschungsbibliothek, Bibliographieportal $9336309341
LEADER 00000caa a22000002c 4500
001 393105695
003 DE-603
005 20260212150325.0
007 tu
008 161111s1998 xx |||| | u00||u|cze c
035 |a (DE-599)HEB393105695 
040 |a DE-603  |b ger  |c DE-603  |d DE-603 
041 |a cze 
082 0 4 |8 1\u  |a 307.094371  |q DE-101  |2 23/BSB 
084 |a 7,41  |2 ssgn 
084 |a OST  |q DE-12  |2 fid 
085 |8 1\u  |b 307.09 
085 |8 1\u  |z 2  |s 4371 
100 1 |a Kovářová-Praxová, Veronika 
245 0 0 |a Poutní místo na Svatém poli v Přelouči 
264 0 |c 1998 
651 7 |a Prelouč  |0 (DE-588)4577310-5  |0 (DE-603)090847822  |2 gnd 
773 0 8 |i In  |t Východočeský sborník historický  |d Pardubice : Východočeské muzeum v Pardubicích, 1991-  |x 1213-1733  |g Band 7 (1998), Seite 107-128  |w (DE-603)048657735  |w (DE-600)1222976-3 
924 0 |9 2080  |a (DE-603)789216019  |b DE-2080  |c HES  |d d  |g /